| 000 | 03254nam a22005057a 4500 | ||
|---|---|---|---|
| 005 | 20110818170518.0 | ||
| 007 | vc cvaizu | ||
| 008 | 110121s2009 ii 076 j vchin | ||
| 010 | _aDVD-007432-440 | ||
| 024 |
_a8904036846767 _c199.00 |
||
| 035 | _aDVD-007432-440 | ||
| 040 |
_aDLC _cDLC _dDLC _eamim |
||
| 082 | _aDVD BALG | ||
| 245 | 0 | 0 |
_aBal Ganesh 2 / _cShemaroo Entertainment presents in association with Astute Media Vision ; producers, Smita Maroo & Pankaj Sharma ; story, screenplay, dialogues & direction, Pankaj Sharma |
| 257 | _aIndia | ||
| 260 |
_aMumbai : _bShemaroo Entertainment, _c2009. |
||
| 300 |
_a1 videodisc of 1 (DVD) (ca. 76 min.) : _bsd., col. ; _c4 3/4 in. _3viewing copy. |
||
| 306 | _aca. 76 min | ||
| 500 | _aCopyright notice on title screen: Shemaroo Entertainment Pvt. Ltd. | ||
| 500 | _a"Free stickers, magnetic stick-on & magic trick pad with every DVD"--Container. | ||
| 508 | _aLyrics, Rajendra Mehta ... [et al.]; music director, Shamir Tandon, Sanjay Dhakan. | ||
| 520 | _aAnimated film on the child life of Ganesh, Hindu deity. | ||
| 538 | _aAll Regions; 5.1 Dolby Digital; Anamorphic widescreen DVD | ||
| 538 | _aNTSC Colour | ||
| 546 | _aIn Hindi. | ||
| 650 | 0 |
_aGanesĖa (Hindu deity) _vDrama. _933118 |
|
| 655 | 0 |
_aAnimated films. _933119 |
|
| 655 | 0 |
_aFeature films. _933120 |
|
| 700 | 1 |
_aSharma, Pankaj, _edirection, _eproduction, _ewriting. _933121 |
|
| 700 | 1 |
_aMaroo, Smita, _eproduction. _933122 |
|
| 700 | 1 |
_aTandon, Shamir, _emusic. _933123 |
|
| 710 | 2 |
_aShemaroo Entertainment (Firm) _933124 |
|
| 942 |
_2ddc _cCF _hDVD _nBALG |
||
| 999 |
_c55643 _d55643 |
||